[Event "BUCA-ch"]
[Site "Birmingham ENG"]
[Date "2020.02.23"]
[Round "5.2"]
[White "Tayar, Jonathan"]
[Black "Bathula, Abhinav Reddy"]
[Result "1-0"]
[WhiteElo "2344"]
[BlackElo "1735"]
[WhiteFideId "-1"]
[WhiteFideId "-1"]
[PlyCount "43"]
[GameId "2130307597955278"]
[EventDate "2020.02.22"]
[EventType "swiss"]
[EventRounds "5"]
[EventCountry "ENG"]
[WhiteTeam "Cambridge 1"]
[BlackTeam "LSE 1"]

1. e4 c5 2. Nf3 d6 3. d4 cxd4 4. Nxd4 Nf6 5. Nc3 a6 6. Bg5 e6 7. f4 h6 8. Bh4 Be7 9. Qf3 Qc7 10. O-O-O Nbd7 11. g4 g5 12. e5 dxe5 13. fxg5 hxg5 14. Bg3 Ra7 15. h4 Qb6 16. Nb3 Qc6 17. Qe2 b5 18. Bg2 Qc4 19. Qf2 Rc7 20. Na5 Qxg4 21. Nc6 Bc5 22. Qxc5 1-0

[Event "North American op 20th"]
[Site "Las Vegas"]
[Date "2010.12.27"]
[Round "2"]
[White "Tayar, Jonathan"]
[Black "Chiang, Michael"]
[Result "0-1"]
[WhiteElo "2356"]
[BlackElo "1982"]
[WhiteFideId "-1"]
[WhiteFideId "-1"]
[PlyCount "53"]
[GameId "1166653931749376"]
[EventDate "2010.12.26"]
[EventType "swiss"]
[EventRounds "7"]
[EventCountry "USA"]
[SourceTitle "CBM 140 Extra"]
[Source "ChessBase"]
[SourceDate "2011.03.01"]
[SourceVersion "1"]
[SourceVersionDate "2011.03.01"]
[SourceQuality "1"]

1. e4 e5 2. Nf3 Nc6 3. Bc4 Bc5 4. c3 Nf6 5. d3 O-O 6. Nbd2 d6 7. Bb3 a6 8. O-O Ba7 9. Re1 Ng4 10. Re2 Kh8 11. h3 Nf6 12. Nf1 Nh5 13. g4 Qf6 14. Kg2 Nf4+ 15. Bxf4 Qxf4 16. Ng3 g6 17. Qd2 f5 18. exf5 Qxd2 19. Nxd2 gxf5 20. f3 Ne7 21. Nh5 Ng6 22. Kg3 Bd7 23. Rf1 Rae8 24. a4 Nf4 25. Rh2 Be3 26. Nxf4 Bxf4+ 27. Kg2 0-1

[Event "North American op 20th"]
[Site "Las Vegas"]
[Date "2010.12.29"]
[Round "7"]
[White "Tayar, Jonathan"]
[Black "Veech, John"]
[Result "1/2-1/2"]
[WhiteElo "2356"]
[BlackElo "2040"]
[WhiteFideId "-1"]
[WhiteFideId "-1"]
[PlyCount "133"]
[GameId "1166653932212224"]
[EventDate "2010.12.26"]
[EventType "swiss"]
[EventRounds "7"]
[EventCountry "USA"]
[SourceTitle "CBM 140 Extra"]
[Source "ChessBase"]
[SourceDate "2011.03.01"]
[SourceVersion "1"]
[SourceVersionDate "2011.03.01"]
[SourceQuality "1"]

1. e4 c5 2. Nf3 d6 3. d4 cxd4 4. Nxd4 Nf6 5. Nc3 g6 6. Be3 Bg7 7. f3 Nc6 8. Qd2 O-O 9. O-O-O d5 10. exd5 Nxd5 11. Nxc6 bxc6 12. Bd4 Bxd4 13. Qxd4 Qb6 14. Na4 Qc7 15. c4 Nf4 16. Nc5 Ne6 17. Nxe6 Bxe6 18. Bd3 Qa5 19. Kb1 Rfd8 20. Qe3 Rab8 21. Be2 Qb4 22. Qc1 Qc5 23. Qc3 Qf2 24. Qe5 Qxg2 25. h4 Rd6 26. h5 f6 27. Qe3 Bf5+ 28. Ka1 Re6 29. Qxa7 Rxb2 30. Kxb2 Rxe2+ 31. Ka1 Qxf3 32. Qb8+ Kf7 33. hxg6+ Bxg6 34. Qb4 c5 35. Qb3 Qf4 36. Rc1 Qd4+ 37. Qc3 Qf2 38. Qa3 Bc2 39. Rhg1 Qd4+ 40. Qb2 Qxc4 41. Rg3 Qd4 42. Rc3 Bd3 43. Qb6 Bc4 44. Qb1 Rxa2+ 45. Qxa2 Bxa2 46. Kxa2 e5 47. Rxc5 e4 48. R1c4 Qf2+ 49. Rc2 Qf3 50. R2c3 e3 51. Rc7+ Kg6 52. Re7 Qd5+ 53. Rb3 Qd2+ 54. Kb1 Qd1+ 55. Kb2 Qe2+ 56. Kb1 Qf1+ 57. Kb2 e2 58. Rbe3 f5 59. Rxe2 h5 60. Re8 f4 61. R2e5 Qg2+ 62. Kc3 Qc6+ 63. Kd4 Qb6+ 64. Kd5 Qb3+ 65. Kd4 Qb4+ 66. Kd3 Qb3+ 67. Kd4 1/2-1/2

[Event "CAN-ch playoff"]
[Site "Guelph CAN"]
[Date "2009.08.16"]
[Round "1"]
[White "Jiang, Louie"]
[Black "Tayar, Jonathan"]
[Result "1/2-1/2"]
[WhiteElo "2250"]
[BlackElo "2342"]
[WhiteFideId "-1"]
[WhiteFideId "-1"]
[PlyCount "95"]
[GameId "2160767910093188"]
[EventDate "2009.08.16"]
[EventType "match (rapid)"]
[EventRounds "2"]
[EventCountry "CAN"]
[SourceTitle "CBM 131 Extra"]
[Source "ChessBase"]
[SourceDate "2009.09.03"]
[SourceVersion "2"]
[SourceVersionDate "2009.09.16"]
[SourceQuality "1"]

1. e4 c5 2. Nf3 d6 3. d4 Nf6 4. dxc5 Qa5+ 5. c3 Qxc5 6. Bd3 Nbd7 7. O-O e6 8. Na3 a6 9. h3 Be7 10. Nc2 O-O 11. Be3 Qc7 12. a4 b6 13. Re1 Bb7 14. Bf4 Ne5 15. Nxe5 dxe5 16. Bg5 Rfd8 17. Qe2 a5 18. Na3 Bc6 19. Bb5 Bb7 20. Qc4 Qd6 21. Bxf6 Bxf6 22. Qe2 Qc5 23. Nc4 Bg5 24. Rab1 Rab8 25. Red1 g6 26. Kf1 Qc7 27. Qg4 Be7 28. Qe2 Bg5 29. Na3 Be7 30. Qc4 Qxc4+ 31. Nxc4 Bxe4 32. Rxd8+ Rxd8 33. Re1 Bd3+ 34. Kg1 Bxc4 35. Bxc4 Rd2 36. Rxe5 Rxb2 37. Rb5 Rc2 38. Rxb6 Bc5 39. Rb5 Bxf2+ 40. Kf1 Bg3 41. Rxa5 Rxc3 42. Rc5 Rc2 43. a5 Rf2+ 44. Kg1 Rc2 45. Kf1 Bf2 46. Rc8+ Kg7 47. Bxe6 Rxc8 48. Bxc8 1/2-1/2

[Event "CAN-ch playoff"]
[Site "Guelph CAN"]
[Date "2009.08.16"]
[Round "2"]
[White "Tayar, Jonathan"]
[Black "Jiang, Louie"]
[Result "1-0"]
[WhiteElo "2342"]
[BlackElo "2250"]
[WhiteFideId "-1"]
[WhiteFideId "-1"]
[PlyCount "117"]
[GameId "2160767910093189"]
[EventDate "2009.08.16"]
[EventType "match (rapid)"]
[EventRounds "2"]
[EventCountry "CAN"]
[SourceTitle "CBM 131 Extra"]
[Source "ChessBase"]
[SourceDate "2009.09.03"]
[SourceVersion "2"]
[SourceVersionDate "2009.09.16"]
[SourceQuality "1"]

1. e4 c5 2. Nf3 a6 3. c4 Nc6 4. d4 cxd4 5. Nxd4 e5 6. Nc2 d6 7. Ne3 g6 8. Nc3 Bg7 9. Bd3 Nge7 10. Ned5 Nxd5 11. Nxd5 Be6 12. O-O O-O 13. Kh1 Nd4 14. f4 f5 15. exf5 Bxd5 16. cxd5 gxf5 17. Be3 Qh4 18. Bxd4 exd4 19. Rf3 Rae8 20. Qd2 Re7 21. Raf1 Qh5 22. Rg3 h6 23. Qb4 Rd8 24. Qb6 Rdd7 25. Qxd4 Kh8 26. Qf2 Qf7 27. Qf3 Rd8 28. Rh3 Rde8 29. b3 Re1 30. a4 a5 31. Bc4 Qf6 32. Qd3 Rxf1+ 33. Qxf1 Re4 34. Rd3 Qe7 35. Rd1 Re3 36. Bd3 Qf7 37. Bc2 Rc3 38. Qe2 Rc5 39. Qd3 Qc7 40. Bb1 Rc1 41. g3 Qc3 42. Rxc1 Qxc1+ 43. Kg2 Qe1 44. Qxf5 Qe2+ 45. Kh3 Kg8 46. Qc8+ Kf7 47. Qd7+ Kg8 48. Qe6+ Qxe6+ 49. dxe6 Bf6 50. Kg4 d5 51. h4 Bc3 52. Kh5 Kg7 53. g4 Bd2 54. f5 Kf6 55. g5+ hxg5 56. hxg5+ Ke7 57. Kg6 Bc1 58. Bd3 b6 59. Be2 1-0

[Event "CAN-ch"]
[Site "Guelph CAN"]
[Date "2009.08.08"]
[Round "1"]
[White "Tayar, Jonathan"]
[Black "Hambleton, Aman"]
[Result "1/2-1/2"]
[WhiteElo "2342"]
[BlackElo "2052"]
[WhiteFideId "-1"]
[WhiteFideId "-1"]
[PlyCount "119"]
[GameId "2160767910093223"]
[EventDate "2009.08.08"]
[EventType "swiss"]
[EventRounds "9"]
[EventCountry "CAN"]
[SourceTitle "CBM 132 Extra"]
[Source "ChessBase"]
[SourceDate "2009.11.03"]
[SourceVersion "1"]
[SourceVersionDate "2009.11.03"]
[SourceQuality "1"]

1. e4 e6 2. d4 d5 3. Nc3 Bb4 4. e5 c5 5. a3 Bxc3+ 6. bxc3 Ne7 7. Qg4 Kf8 8. a4 Qc7 9. Ba3 cxd4 10. Ne2 Qxe5 11. cxd4 Qc7 12. Rb1 f6 13. Rb3 Kf7 14. Nc3 a6 15. Bd3 Nbc6 16. Bc5 e5 17. Qg3 Be6 18. O-O Rac8 19. Rfb1 e4 20. Bf1 Qxg3 21. hxg3 Na5 22. Rxb7 Nxb7 23. Rxb7 Rxc5 24. dxc5 Rc8 25. Bxa6 Rxc5 26. Nb5 Bc8 27. Nd6+ Ke6 28. Nxc8 Nxc8 29. Rb2 Nd6 30. Be2 Ke5 31. Kf1 Kd4 32. Ke1 Kc3 33. Ra2 Nb7 34. Kd1 Na5 35. Bb5 d4 36. Ke2 d3+ 37. Kd1 Rh5 38. cxd3 exd3 39. Ra3+ Nb3 40. Bxd3 Kb2 41. Rxb3+ Kxb3 42. Bb5 Re5 43. Kd2 Kb4 44. Bc6 h5 45. Kd3 Rc5 46. Bb5 Re5 47. Kd4 g5 48. Kd3 Kc5 49. Ba6 Re1 50. Bb7 Ra1 51. Ke4 Rxa4+ 52. Kf5 h4 53. Kxf6 hxg3 54. fxg3 Rg4 55. Kf5 Rxg3 56. Bf3 Kd4 57. Bg4 Rxg2 58. Kxg5 Ke5 59. Kh5 Kf4 60. Be6 1/2-1/2

[Event "CAN-ch"]
[Site "Guelph CAN"]
[Date "2009.08.09"]
[Round "2"]
[White "Haessel, Dale"]
[Black "Tayar, Jonathan"]
[Result "0-1"]
[WhiteElo "2204"]
[BlackElo "2342"]
[WhiteFideId "-1"]
[WhiteFideId "-1"]
[PlyCount "32"]
[GameId "2160767910093227"]
[EventDate "2009.08.08"]
[EventType "swiss"]
[EventRounds "9"]
[EventCountry "CAN"]
[SourceTitle "CBM 132 Extra"]
[Source "ChessBase"]
[SourceDate "2009.11.03"]
[SourceVersion "1"]
[SourceVersionDate "2009.11.03"]
[SourceQuality "1"]

1. d4 g6 2. c4 Bg7 3. Nf3 Nf6 4. g3 O-O 5. Bg2 d6 6. Nc3 Nbd7 7. O-O e5 8. e4 a6 9. Re1 exd4 10. Nxd4 Ng4 11. f4 c6 12. h3 Qb6 13. hxg4 Bxd4+ 14. Kh2 Nf6 15. Bf3 Bxc3 16. bxc3 Qf2+ 0-1

[Event "CAN-ch"]
[Site "Guelph CAN"]
[Date "2009.08.10"]
[Round "3"]
[White "Tayar, Jonathan"]
[Black "Bluvshtein, Mark"]
[Result "1/2-1/2"]
[WhiteElo "2342"]
[BlackElo "2558"]
[WhiteFideId "-1"]
[WhiteFideId "-1"]
[PlyCount "145"]
[GameId "2160767910093253"]
[EventDate "2009.08.08"]
[EventType "swiss"]
[EventRounds "9"]
[EventCountry "CAN"]
[SourceTitle "CBM 132 Extra"]
[Source "ChessBase"]
[SourceDate "2009.11.03"]
[SourceVersion "1"]
[SourceVersionDate "2009.11.03"]
[SourceQuality "1"]

1. e4 c5 2. Nf3 d6 3. d4 cxd4 4. Nxd4 Nf6 5. Nc3 Nc6 6. Bg5 e6 7. Qd2 Be7 8. O-O-O a6 9. f3 Bd7 10. h4 h6 11. Be3 h5 12. Bg5 Ne5 13. f4 Neg4 14. Nf3 Bc6 15. Bd3 O-O 16. Qe2 Qc7 17. Rhe1 Rac8 18. Kb1 Rfe8 19. e5 dxe5 20. fxe5 Nd7 21. Ne4 Bxe4 22. Qxe4 g6 23. Qe2 Bxg5 24. hxg5 Nc5 25. c3 Red8 26. Bc2 Rxd1+ 27. Rxd1 Nd7 28. Re1 b5 29. Bb3 Kg7 30. Qd2 Nc5 31. Bc2 Rd8 32. Qf4 Rd5 33. Rf1 Qe7 34. Re1 Qd8 35. Rf1 Qe7 36. Re1 Kg8 37. Rf1 Nd7 38. Bb3 Rc5 39. Re1 a5 40. a3 Nb8 41. Nd2 Nc6 42. Ne4 Rxe5 43. Bd1 Rf5 44. Qg3 Nge5 45. Nf6+ Rxf6 46. gxf6 Qxf6 47. Bc2 Nc4 48. Qd3 Qf2 49. Qe2 Qxe2 50. Rxe2 Kf8 51. a4 bxa4 52. Bxa4 Nd8 53. b4 axb4 54. cxb4 Ke7 55. Kc2 f5 56. Kc3 Nb6 57. Bb3 h4 58. b5 g5 59. Kb4 Nd7 60. Bc2 Kd6 61. Rd2+ Kc7 62. Rf2 Kb6 63. Rd2 Kc7 64. Re2 g4 65. Bd3 Nf6 66. Bc4 f4 67. Bxe6 h3 68. gxh3 Nxe6 69. hxg4 Nd5+ 70. Kc4 f3 71. Rf2 Ne3+ 72. Kd3 Nxg4 73. Rxf3 1/2-1/2

[Event "CAN-ch"]
[Site "Guelph CAN"]
[Date "2009.08.11"]
[Round "4"]
[White "Kaminski, Victor"]
[Black "Tayar, Jonathan"]
[Result "1/2-1/2"]
[WhiteElo "2268"]
[BlackElo "2342"]
[WhiteFideId "-1"]
[WhiteFideId "-1"]
[PlyCount "72"]
[GameId "2160767910093260"]
[EventDate "2009.08.08"]
[EventType "swiss"]
[EventRounds "9"]
[EventCountry "CAN"]
[SourceTitle "CBM 132 Extra"]
[Source "ChessBase"]
[SourceDate "2009.11.03"]
[SourceVersion "1"]
[SourceVersionDate "2009.11.03"]
[SourceQuality "1"]

1. d4 Nf6 2. Nf3 g6 3. g3 Bg7 4. Bg2 O-O 5. c4 d6 6. Nc3 Nbd7 7. O-O e5 8. e4 a6 9. Re1 exd4 10. Nxd4 Ng4 11. h3 Qf6 12. hxg4 Qxd4 13. Nd5 c6 14. Ne7+ Kh8 15. Qxd4 Bxd4 16. Be3 Bxe3 17. Rxe3 Ne5 18. Nxc8 Raxc8 19. b3 f6 20. f4 Nf7 21. b4 Rfe8 22. Rd3 Rcd8 23. Rb1 Kg7 24. Kf2 Kf8 25. Rh1 h6 26. Rhd1 Ke7 27. a4 Rd7 28. a5 g5 29. Bf1 Kd8 30. Kf3 Ree7 31. c5 dxc5 32. bxc5 Rxd3+ 33. Rxd3+ Rd7 34. Rxd7+ Kxd7 35. Bc4 Ne5+ 36. fxe5 fxe5 1/2-1/2

[Event "CAN-ch"]
[Site "Guelph CAN"]
[Date "2009.08.12"]
[Round "5"]
[White "Tayar, Jonathan"]
[Black "Vincent, Trevor"]
[Result "1-0"]
[WhiteElo "2436"]
[BlackElo "2290"]
[WhiteFideId "-1"]
[WhiteFideId "-1"]
[PlyCount "55"]
[GameId "2160767910093283"]
[EventDate "2009.08.08"]
[EventType "swiss"]
[EventRounds "9"]
[EventCountry "CAN"]

1. e4 c5 2. Nf3 e6 3. d4 cxd4 4. Nxd4 Nc6 5. Nb5 d6 6. Bf4 e5 7. Be3 a6 8. N5c3 Nf6 9. Bc4 Be6 10. Nd5 Nxe4 11. Bb6 Qg5 12. Nc7+ Kd7 13. Be2 Rc8 14. Nxe6 fxe6 15. O-O d5 16. c4 d4 17. Nc3 Nxc3 18. bxc3 Bd6 19. f4 exf4 20. cxd4 f3 21. Rxf3 Rhf8 22. Rh3 Rf4 23. Rd3 Ke7 24. c5 Bc7 25. Bxc7 Rxc7 26. d5 exd5 27. Rxd5 Rf5 28. Rxf5 1-0

[Event "CAN-ch"]
[Site "Guelph CAN"]
[Date "2009.08.14"]
[Round "7"]
[White "Tayar, Jonathan"]
[Black "Martchenko, Alexander"]
[Result "1-0"]
[WhiteElo "2342"]
[BlackElo "2039"]
[WhiteFideId "-1"]
[WhiteFideId "-1"]
[PlyCount "47"]
[GameId "2160767910093313"]
[EventDate "2009.08.08"]
[EventType "swiss"]
[EventRounds "9"]
[EventCountry "CAN"]
[SourceTitle "CBM 132 Extra"]
[Source "ChessBase"]
[SourceDate "2009.11.03"]
[SourceVersion "1"]
[SourceVersionDate "2009.11.03"]
[SourceQuality "1"]

1. e4 c6 2. c4 d5 3. cxd5 cxd5 4. exd5 Qxd5 5. Nc3 Qd8 6. d4 Nf6 7. Bc4 e6 8. Nf3 Be7 9. O-O O-O 10. Qe2 Nbd7 11. Rd1 Nb6 12. Bb3 Nbd5 13. Ne5 Bd7 14. Rd3 Bc6 15. Rg3 Ne8 16. Rh3 g6 17. Bh6 Ng7 18. Qd2 Nxc3 19. bxc3 Bf6 20. Qf4 Nf5 21. Nxc6 bxc6 22. Bxf8 Qxf8 23. g4 Qd6 24. Qf3 1-0

[Event "CAN-ch"]
[Site "Guelph CAN"]
[Date "2009.08.15"]
[Round "8"]
[White "Tayar, Jonathan"]
[Black "Sapozhnikov, Roman"]
[Result "1/2-1/2"]
[WhiteElo "2342"]
[BlackElo "2177"]
[WhiteFideId "-1"]
[WhiteFideId "-1"]
[PlyCount "133"]
[GameId "2160767910093328"]
[EventDate "2009.08.08"]
[EventType "swiss"]
[EventRounds "9"]
[EventCountry "CAN"]
[SourceTitle "CBM 132 Extra"]
[Source "ChessBase"]
[SourceDate "2009.11.03"]
[SourceVersion "1"]
[SourceVersionDate "2009.11.03"]
[SourceQuality "1"]

1. e4 c5 2. Nf3 d6 3. d4 cxd4 4. Nxd4 Nf6 5. Nc3 Nc6 6. Bc4 Qb6 7. Nb3 e6 8. Bf4 Ne5 9. Be2 Bd7 10. Qd2 a6 11. f3 Qc7 12. a4 Be7 13. O-O O-O 14. Kh1 Rfd8 15. Rad1 Be8 16. Qd4 Rac8 17. Qf2 Nc4 18. Bc1 b5 19. axb5 axb5 20. Bd3 b4 21. Ne2 d5 22. Ng3 Ne5 23. Be3 Nxd3 24. cxd3 Qc2 25. Nd4 Qxf2 26. Bxf2 e5 27. Ndf5 Bf8 28. d4 g6 29. dxe5 gxf5 30. exf6 fxe4 31. Bd4 Ba4 32. Ra1 Bb5 33. Rfd1 exf3 34. gxf3 Bd7 35. Rg1 Kh8 36. Ra7 Ra8 37. Rga1 Rxa7 38. Rxa7 Be6 39. f4 Kg8 40. f5 Bc8 41. Ra8 Re8 42. Kg2 Bd6 43. Kf2 Bd7 44. Ra5 Bxg3+ 45. hxg3 Bxf5 46. Rxd5 Be6 47. Rg5+ Kh8 48. Re5 Bd7 49. Ra5 Be6 50. Ra7 Kg8 51. Ra5 Rc8 52. Rg5+ Kh8 53. Ke3 h6 54. Re5 Kh7 55. Bc5 Kg6 56. Bxb4 Kxf6 57. Rb5 Rc4 58. Bc3+ Kg6 59. Rb8 Rc8 60. Rb5 Rc4 61. Bd2 Rg4 62. Kf3 h5 63. Bf4 h4 64. gxh4 Rxh4 65. Rg5+ Kf6 66. Ke4 Rg4 67. Rxg4 1/2-1/2

[Event "CAN-op"]
[Site "Edmonton CAN"]
[Date "2009.07.15"]
[Round "5.16"]
[White "Tayar, Jonathan"]
[Black "Daswani, Benedict"]
[Result "1-0"]
[WhiteElo "2392"]
[BlackElo "2115"]
[WhiteFideId "-1"]
[WhiteFideId "-1"]
[PlyCount "69"]
[GameId "2160767910156019"]
[EventDate "2009.07.11"]
[EventType "swiss"]
[EventRounds "9"]
[EventCountry "CAN"]

1. e4 d6 2. d4 Nf6 3. Nc3 g6 4. f4 Bg7 5. Nf3 c5 6. dxc5 Qa5 7. Bd3 Qxc5 8. Qe2 Bg4 9. Be3 Qa5 10. O-O Nbd7 11. Qf2 Bxf3 12. Qxf3 O-O 13. a3 Rac8 14. Kh1 Qh5 15. Qg3 Qa5 16. Rae1 Nh5 17. Qh4 Rxc3 18. bxc3 Bxc3 19. Rb1 Bf6 20. Qg4 Nc5 21. Bxc5 Qxc5 22. Rb5 Qxa3 23. Rxh5 a5 24. e5 dxe5 25. fxe5 Bg7 26. Rh3 Qc5 27. e6 f5 28. Qh4 h6 29. Qc4 Qa3 30. Bxf5 Qb2 31. Bxg6 Ra8 32. Qf4 Rf8 33. Bf7+ Kh7 34. Qf5+ Kh8 35. Qg6 1-0

[Event "CAN-op"]
[Site "Edmonton CAN"]
[Date "2009.07.16"]
[Round "6"]
[White "MacKay, Ian"]
[Black "Tayar, Jonathan"]
[Result "0-1"]
[WhiteElo "2307"]
[BlackElo "2342"]
[WhiteFideId "-1"]
[WhiteFideId "-1"]
[PlyCount "88"]
[GameId "2160767910156103"]
[EventDate "2009.07.11"]
[EventType "swiss"]
[EventRounds "9"]
[EventCountry "CAN"]
[SourceTitle "CBM 132 Extra"]
[Source "ChessBase"]
[SourceDate "2009.11.03"]
[SourceVersion "1"]
[SourceVersionDate "2009.11.03"]
[SourceQuality "1"]

1. d4 Nf6 2. c4 g6 3. Nc3 Bg7 4. e4 d6 5. f3 O-O 6. Be3 Nc6 7. Nge2 a6 8. Qd2 Rb8 9. g4 b5 10. Ng3 e5 11. d5 Nd4 12. Be2 b4 13. Nb1 Nd7 14. O-O Qe7 15. Bd1 Nb6 16. b3 c5 17. dxc6 Nxc6 18. Bh6 Nd7 19. Bxg7 Kxg7 20. Qe3 Nc5 21. a3 a5 22. axb4 axb4 23. Rf2 Bb7 24. Nd2 Ra8 25. Rxa8 Rxa8 26. Ndf1 Ra3 27. Rg2 Qf6 28. g5 Qf4 29. Qf2 Nd4 30. Ne2 Qxf3 31. Nxd4 Qxf2+ 32. Rxf2 exd4 33. Rd2 d3 34. Ng3 Ra1 35. Kf2 Nxe4+ 36. Nxe4 Bxe4 37. Bg4 f5 38. Bf3 Kf7 39. Bxe4 fxe4 40. Ke3 Re1+ 41. Kd4 Re2 42. Rd1 d2 43. Kd5 e3 44. Ra1 d1=Q+ 0-1

[Event "CAN-op"]
[Site "Edmonton CAN"]
[Date "2009.07.17"]
[Round "7.6"]
[White "Tayar, Jonathan"]
[Black "Perelshteyn, Eugene"]
[Result "1/2-1/2"]
[WhiteElo "2392"]
[BlackElo "2588"]
[WhiteFideId "-1"]
[WhiteFideId "-1"]
[PlyCount "41"]
[GameId "2160767910156209"]
[EventDate "2009.07.11"]
[EventType "swiss"]
[EventRounds "9"]
[EventCountry "CAN"]

1. e4 e5 2. Nf3 Nc6 3. Bc4 Bc5 4. c3 Nf6 5. d3 O-O 6. O-O d5 7. exd5 Nxd5 8. Re1 Bg4 9. h3 Bh5 10. Nbd2 Bb6 11. Ne4 f6 12. Ng3 Bf7 13. Bb3 Qd7 14. Bc2 Rfe8 15. Nh4 Nde7 16. Qf3 Rad8 17. Bd2 Bd5 18. Qh5 Bf7 19. Qf3 Bd5 20. Qh5 Bf7 21. Qf3 1/2-1/2

[Event "CAN-op"]
[Site "Edmonton CAN"]
[Date "2009.07.19"]
[Round "9.5"]
[White "Tayar, Jonathan"]
[Black "Zhao, Xue"]
[Result "1/2-1/2"]
[WhiteElo "2392"]
[BlackElo "2544"]
[WhiteFideId "-1"]
[WhiteFideId "-1"]
[PlyCount "103"]
[GameId "2160767910156343"]
[EventDate "2009.07.11"]
[EventType "swiss"]
[EventRounds "9"]
[EventCountry "CAN"]

1. e4 e5 2. Nf3 Nc6 3. Bc4 Bc5 4. c3 Nf6 5. d3 a6 6. Nbd2 O-O 7. O-O Re8 8. Re1 Bf8 9. Bb3 d6 10. Nf1 h6 11. Ng3 Bd7 12. h3 b5 13. d4 Na5 14. Bc2 c5 15. d5 c4 16. Be3 Nb7 17. Nh2 Nc5 18. Ng4 Rc8 19. Qf3 Nxg4 20. hxg4 g6 21. Nf1 Qh4 22. Nh2 Bg7 23. g3 Qe7 24. Kg2 a5 25. Rh1 b4 26. Rae1 Kh7 27. g5 hxg5 28. Ng4+ Kg8 29. Rh2 f6 30. Nh6+ Bxh6 31. Rxh6 Kg7 32. Reh1 Rh8 33. Rxh8 Rxh8 34. Rxh8 Kxh8 35. Qe2 Bb5 36. Bxc5 dxc5 37. Qd1 Qd7 38. Qd2 Kg7 39. Qe3 Qc7 40. Bd1 Kf7 41. Bg4 Ke7 42. Qc1 Kd6 43. Qh1 Qg7 44. Qh3 Kc7 45. Be6 Ba4 46. g4 Bc2 47. f3 Bb1 48. a3 Bc2 49. Qh2 Kd6 50. Kg3 Ba4 51. Qh1 Bb5 52. Qh2 1/2-1/2

[Event "Las Vegas National op"]
[Site "Las Vegas"]
[Date "2009.06.06"]
[Round "3"]
[White "Tayar, Jonathan"]
[Black "Terrie, Henry L"]
[Result "1-0"]
[WhiteElo "2334"]
[BlackElo "2089"]
[WhiteFideId "-1"]
[WhiteFideId "-1"]
[PlyCount "55"]
[GameId "1166651894824960"]
[EventDate "2009.06.05"]
[EventType "swiss"]
[EventRounds "6"]
[EventCountry "USA"]
[SourceTitle "CBM 130 Extra"]
[Source "ChessBase"]
[SourceDate "2009.07.02"]
[SourceVersion "2"]
[SourceVersionDate "2009.07.15"]
[SourceQuality "1"]

1. e4 c5 2. Nf3 e6 3. d4 cxd4 4. Nxd4 Nc6 5. Be3 Nf6 6. Nc3 Bb4 7. Bd3 Qc7 8. Ndb5 Qb8 9. a3 Be7 10. O-O a6 11. Nd4 Qc7 12. Nxc6 bxc6 13. f4 e5 14. fxe5 Qxe5 15. Bf4 Qc5+ 16. Kh1 d6 17. Na4 Qa5 18. c4 Ng4 19. b4 Qc7 20. Qf3 O-O 21. c5 Ne5 22. Bxe5 dxe5 23. Nb6 Ra7 24. Bc4 Bg5 25. Rad1 Bf6 26. Rd6 Be6 27. Bxe6 fxe6 28. Qg4 1-0

[Event "Las Vegas National op"]
[Site "Las Vegas"]
[Date "2009.06.06"]
[Round "4"]
[White "Langer, Mikhail"]
[Black "Tayar, Jonathan"]
[Result "0-1"]
[WhiteElo "2260"]
[BlackElo "2334"]
[WhiteFideId "-1"]
[WhiteFideId "-1"]
[PlyCount "96"]
[GameId "1166651894890496"]
[EventDate "2009.06.05"]
[EventType "swiss"]
[EventRounds "6"]
[EventCountry "USA"]
[SourceTitle "CBM 130 Extra"]
[Source "ChessBase"]
[SourceDate "2009.07.02"]
[SourceVersion "2"]
[SourceVersionDate "2009.07.15"]
[SourceQuality "1"]

1. e4 c5 2. Nf3 d6 3. d4 Nf6 4. Nc3 cxd4 5. Nxd4 a6 6. Bg5 e6 7. f4 h6 8. Bh4 Nbd7 9. Qf3 Qc7 10. O-O-O Be7 11. Be2 Rb8 12. Qg3 O-O 13. Rhe1 b5 14. Nd5 Nxd5 15. exd5 Bxh4 16. Qxh4 Nf6 17. Bf3 Bd7 18. dxe6 fxe6 19. Nxe6 Bxe6 20. Rxe6 Rbc8 21. Qf2 d5 22. g3 a5 23. Rd2 Rfd8 24. Qd4 a4 25. a3 Qf7 26. f5 Rc4 27. Qe5 b4 28. Re7 Qf8 29. axb4 Kh8 30. Qe6 Rdc8 31. Rf7 Qd8 32. Qe7 Qg8 33. Qb7 Rb8 34. Qa7 Rcxb4 35. c3 R4b6 36. Re7 Qc8 37. Rxg7 a3 38. Qxa3 Kxg7 39. Qe7+ Kh8 40. Bxd5 Qxf5 41. Be4 Qe6 42. Qxe6 Rxe6 43. Bg2 Re1+ 44. Kc2 Ng4 45. b4 Ne3+ 46. Kb3 Rb1+ 47. Ka2 Rc1 48. Kb3 Rc8 0-1

[Event "CAN-ch post-secondary"]
[Site "Kingston CAN"]
[Date "2009.01.16"]
[Round "1"]
[White "Yang, Minjie"]
[Black "Tayar, Jonathan"]
[Result "0-1"]
[WhiteElo "2203"]
[BlackElo "2363"]
[WhiteFideId "-1"]
[WhiteFideId "-1"]
[PlyCount "64"]
[GameId "2160767910273295"]
[EventDate "2009.01.16"]
[EventType "team"]
[EventRounds "5"]
[EventCountry "CAN"]
[SourceTitle "EXT 2011"]
[Source "ChessBase"]
[SourceDate "2011.11.26"]
[SourceVersion "1"]
[SourceVersionDate "2011.11.26"]
[SourceQuality "1"]

1. e4 c5 2. Nf3 d6 3. d4 Nf6 4. Nc3 cxd4 5. Nxd4 a6 6. a4 e6 7. Bc4 Be7 8. O-O O-O 9. f4 Nxe4 10. Nxe4 d5 11. Bxd5 Qxd5 12. Nc3 Qc4 13. Be3 Rd8 14. Qe2 Rxd4 15. Bxd4 Qxd4+ 16. Kh1 Nd7 17. Rad1 Qc5 18. Ne4 Qc7 19. Qd3 Nf6 20. Nd6 Bxd6 21. Qxd6 Qxd6 22. Rxd6 Bd7 23. a5 Kf8 24. Rfd1 Ke7 25. Rb6 Bc6 26. Rb4 Nd5 27. Rbd4 Rc8 28. Kg1 Ne3 29. R1d2 Nxg2 30. Rxg2 Bxg2 31. Kxg2 Rxc2+ 32. Kg3 Rxb2 0-1

[Event "CAN-ch post-secondary"]
[Site "Kingston CAN"]
[Date "2009.01.17"]
[Round "2"]
[White "Tayar, Jonathan"]
[Black "Lacau Rodean, Iulia"]
[Result "1-0"]
[WhiteElo "2375"]
[BlackElo "2000"]
[WhiteFideId "-1"]
[WhiteFideId "-1"]
[PlyCount "41"]
[GameId "2160767910273298"]
[EventDate "2009.01.16"]
[EventType "team"]
[EventRounds "5"]
[EventCountry "CAN"]

1. e4 c5 2. Nf3 d6 3. d4 cxd4 4. Nxd4 Nf6 5. Nc3 a6 6. Bg5 e6 7. f4 Be7 8. Qf3 Qc7 9. O-O-O Nbd7 10. g4 b5 11. Bxf6 Nxf6 12. g5 Nd7 13. f5 Bxg5+ 14. Kb1 Nf6 15. Bxb5+ axb5 16. Ndxb5 Qb8 17. Nxd6+ Ke7 18. e5 Nd7 19. Qh5 Bf4 20. Qxf7+ Kd8 21. Nxc8 1-0